Fictional Addresses - Statistics

General Stats
  • This quiz has been taken 56 times
  • The average score is 9 of 20
Answer Stats
Hint Answer % Correct
742 Evergreen Terrace, Springfield Simpson (The Simpsons)
94%
221B Baker Street, London Sherlock Holmes
92%
Hundred Acre Wood Winnie The Pooh
75%
Notre-Dame Cathedral Quasimodo
71%
4 Privet Drive Harry Potter
69%
Tara (plantation), Georgia Scarlett O'Hara (Gone With the Wind)
60%
31 Spooner Street, Quahog Griffin (Family Guy)
58%
Skull Island King Kong
56%
Elsinore Castle, Denmark Hamlet
54%
Southfork Ranch, Texas Ewing (Dallas)
48%
1428 Elm Street, Springwood, Ohio Freddy Krueger (Nightmare series)
38%
0001 Cemetery Lane Addams (The Addams Family)
35%
3828 Piermont Dr NE Albuquerque, NM White (Breaking Bad)
35%
West Egg, Long Island, NY Jay Gatsby (The Great Gatsby)
33%
1313 Mockingbird Lane Munster (The Munsters)
33%
129 W 81 Street, Apt 5A, New York Jerry Seinfeld (Seinfeld)
29%
698 Candlewood Lane, Cabot Cove, Maine Jessica Fletcher (Murder She Wrote)
27%
14 Aspen Dr, North Caldwell, NJ Soprano (The Sopranos)
19%
1020 Palm Drive, Cocoa Beach, FL Major Anthony Nelson (I Dream of Jeannie)
8%
1164 Morning Glory Circle Stevens (Bewitched)
4%
No matching quizzes found
Score Distribution
Percent of People with Each Score
Percentile by Number Answered
Your Score History
You have not taken this quiz